000 00863nab a2200265 u 4500
001 20395
003 HDC
007 cr bn ---aaaaa
008 210305c mydr|nes 0 a eng d
040 _aHDC
100 _aFadzil Zainol
_eauthor
_98154
245 0 _aMalaysia naik ke tangga 18 /
_cby Fadzil Zainol & Nabila Yasmin Razib
260 _aMalaysia :
_bUTUSAN MALAYSIA ,
_c2014
300 _a2 pages
336 _atext
_2rdacontent
337 _acomputer
_2rdamedia
338 _aonline resource
_2rdacarrier
650 _aentrepreneur
_91863
650 _afinance industry
_96768
710 _aUTUSAN MALAYSIA
856 _zRequest full-text at [email protected]
942 _2lcc
942 _cNEWS
942 _kNWSC 010244
999 _c17711
_d17711